000 01748nam0a2200337 4500
001 RU\NLR\bibl\952375
005 20250614201626.0
021 _aRU
_b2006-25790
_91284
035 _a(NLR Aleph) 000940468
090 _a216566
_c216566
100 _a20060522d2006 |||y0rusy50 ca
101 0 _arus
102 _aRU
105 _aa |||||||||
200 1 _aРевматические болезни с неврологическими и сосудистыми проявлениями
_fВ. П. Мисник, Б. А. Алиханов, Х. А. Алиханов [и др.]
_gпод ред. проф. Ю. А. Чеглакова
_gМ-во здравоохранения и социал. развития Рос. Федерации, ФГУ МНТК "Микрохирургия глаза" им. акад. С. Н. Федорова НПЦ ТМЛГ
210 _aМосква
_cИзд-во Центра прикладных исследований при механико-математическом факультете МГУ
_d2006
215 _a90 с.
_cил.
_d21
320 _aБиблиогр.: с. 88-89 (27 назв.)
606 1 _aРевматические болезни
_91444970
_3RU\NLR\auth\66611783
686 _aР552
701 1 _aМисник
_bВ. П.
_gВячеслав Павлович
_4070
701 1 _aАлиханов
_bБ. А.
_gБагдади Абдумуслимович
_4070
701 1 _aАлиханов
_bХ. А.
_gХаллар Абумуслимович
_4070
702 1 _aЧеглакова
_bЮ. А.
_gЮрий Анатольевич
_4340
801 0 _aRU
_bNLR
_c20060522
_grcr
801 1 _aRU
_bNLR
_c20060522
830 _aАвт. по ГАК
942 _cBOOK
980 _aNB